[Event "22nd ch-EUR Indiv 2022"]
[Site "Terme Catez SLO"]
[Date "2022.03.30"]
[Round "4.9"]
[White "Yuffa, Daniil"]
[Black "Areshchenko, Alexander"]
[Result "1-0"]
[WhiteTitle "GM"]
[BlackTitle "GM"]
[WhiteElo "2576"]
[BlackElo "2670"]
[WhiteFideId "24131423"]
[BlackFideId "14109530"]
[EventDate "2022.03.27"]

1. d4 Nf6 2. c4 e6 3. g3 d5 4. Bg2 dxc4 5. Nf3 a6 6. O-O Nc6 7. Qd2 Bb4 8. Qc2
b5 9. Ne5 Nxe5 10. dxe5 Nd5 11. Rd1 Bd7 12. Nc3 Bxc3 13. bxc3 Qe7 14. a4 O-O 15.
a5 b4 16. cxb4 Bb5 17. Bxd5 exd5 18. Rxd5 Rad8 19. Rc5 Rd7 20. Bb2 Rfd8 21. Bc3
Qe6 22. Rf1 Qh3 23. f3 h6 24. g4 Qh4 25. e6 fxe6 26. Qg6 Qe7 27. Rh5 Kf8 28. g5
Qf7 29. Qxf7+ Kxf7 30. gxh6 Rd5 31. Rxd5 exd5 32. hxg7 d4 33. Rd1 d3 34. Kf2 Ba4
35. Rd2 Rd6 36. h4 Bb5 37. Rd1 Kg8 38. h5 Rh6 39. Rh1 Be8 40. e4 Bxh5 41. Ke3 c6
42. f4 1-0

[Event "22nd ch-EUR Indiv 2022"]
[Site "Terme Catez SLO"]
[Date "2022.03.30"]
[Round "4.10"]
[White "Gagunashvili, Merab"]
[Black "Guseinov, Gadir"]
[Result "1/2-1/2"]
[WhiteTitle "GM"]
[BlackTitle "GM"]
[WhiteElo "2575"]
[BlackElo "2661"]
[WhiteFideId "13601652"]
[BlackFideId "13401378"]
[EventDate "2022.03.27"]

1. d4 Nf6 2. c4 g6 3. Nf3 Bg7 4. g3 c5 5. Bg2 cxd4 6. Nxd4 O-O 7. O-O d5 8. cxd5
Nxd5 9. Nb5 Be6 10. Nd4 Bc8 11. Nb5 Be6 12. Nd4 Bc8 1/2-1/2

[Event "22nd ch-EUR Indiv 2022"]
[Site "Terme Catez SLO"]
[Date "2022.03.30"]
[Round "4.11"]
[White "Kadric, Denis"]
[Black "Tari, Aryan"]
[Result "1/2-1/2"]
[WhiteTitle "GM"]
[BlackTitle "GM"]
[WhiteElo "2573"]
[BlackElo "2653"]
[WhiteFideId "14403803"]
[BlackFideId "1510045"]
[EventDate "2022.03.27"]

1. e4 e5 2. Nf3 Nc6 3. Bc4 Bc5 4. c3 Nf6 5. d3 O-O 6. O-O d5 7. exd5 Nxd5 8. a4
a5 9. Re1 Bg4 10. h3 Bh5 11. Nbd2 Nb6 12. Bb3 Qxd3 13. Nxe5 Qf5 14. Nef3 Rae8
15. g4 Bxg4 16. hxg4 Qxg4+ 17. Kh1 Bxf2 18. Nh2 Qxd1 19. Rxd1 Re2 20. Ndf3 Rfe8 1/2-1/2

[Event "22nd ch-EUR Indiv 2022"]
[Site "Terme Catez SLO"]
[Date "2022.03.30"]
[Round "4.12"]
[White "Nisipeanu, Liviu-Dieter"]
[Black "Prohaszka, Peter2"]
[Result "1/2-1/2"]
[WhiteTitle "GM"]
[BlackTitle "GM"]
[WhiteElo "2652"]
[BlackElo "2573"]
[WhiteFideId "1202758"]
[BlackFideId "726265"]
[EventDate "2022.03.27"]

1. d4 Nf6 2. c4 e6 3. Nc3 d5 4. Bg5 Be7 5. e3 h6 6. Bh4 O-O 7. Nf3 b6 8. Be2
Nbd7 9. cxd5 Nxd5 10. Bxe7 Nxe7 11. Qa4 Bb7 12. O-O c5 13. Rfd1 Nd5 14. Nxd5
Bxd5 15. Rac1 1/2-1/2

[Event "22nd ch-EUR Indiv 2022"]
[Site "Terme Catez SLO"]
[Date "2022.03.30"]
[Round "4.13"]
[White "Alonso Rosell, Alvar"]
[Black "Bluebaum, Matthias"]
[Result "0-1"]
[WhiteTitle "GM"]
[BlackTitle "GM"]
[WhiteElo "2565"]
[BlackElo "2642"]
[WhiteFideId "2270544"]
[BlackFideId "24651516"]
[EventDate "2022.03.27"]

1. d4 Nf6 2. c4 e6 3. g3 d5 4. Bg2 dxc4 5. Nf3 Nc6 6. Qa4 Bb4+ 7. Bd2 Nd5 8.
Bxb4 Nxb4 9. O-O O-O 10. a3 Nd5 11. Qxc4 Qe7 12. Nbd2 Rd8 13. Rfd1 Bd7 14. e4
Nb6 15. Qc2 Be8 16. Nb3 e5 17. d5 Nb8 18. Nc5 c6 19. Rac1 Rd6 20. a4 a5 21. Qc3
f6 22. Qa3 Ra7 23. b4 cxd5 24. Nh4 g6 25. exd5 Bxa4 26. Rd2 axb4 27. Qxb4 Na6
28. Nxa6 bxa6 29. Bh3 Rc7 30. Rxc7 Qxc7 31. Be6+ Kg7 32. Qg4 Qc1+ 33. Kg2 Qxd2
34. Nf5+ Kf8 35. Nxd6 Bb3 36. Ne4 Bxd5 37. Qf3 Bxe4 38. Qxe4 Qd6 39. Bb3 Qc7 40.
h4 Kg7 41. h5 a5 42. Qf3 f5 43. Qe3 h6 44. hxg6 Kxg6 45. Qf3 e4 46. Qe3 Nd7 47.
Ba2 Nf6 48. Qb3 f4 49. gxf4 Qxf4 50. Qf7+ Kg5 51. Qe7 Kh4 52. Kg1 Kh3 53. Be6+
Ng4 54. Qc5 Kh4 0-1

[Event "22nd ch-EUR Indiv 2022"]
[Site "Terme Catez SLO"]
[Date "2022.03.30"]
[Round "4.14"]
[White "Georgiev, Kiril"]
[Black "Kuzubov, Yuriy"]
[Result "0-1"]
[WhiteTitle "GM"]
[BlackTitle "GM"]
[WhiteElo "2564"]
[BlackElo "2639"]
[WhiteFideId "2900017"]
[BlackFideId "14112906"]
[EventDate "2022.03.27"]

1. d4 Nf6 2. Nf3 d5 3. c4 e6 4. Nc3 a6 5. cxd5 exd5 6. Bf4 Bd6 7. Bg3 c6 8. e3
Bf5 9. Bd3 Bxd3 10. Qxd3 O-O 11. O-O Bxg3 12. hxg3 Nbd7 13. Qf5 Re8 14. Rfe1 Ne4
15. Nxe4 dxe4 16. Nd2 g6 17. Qf4 Nf6 18. g4 h6 19. Nc4 Kg7 20. Ne5 Re6 21. Rac1
Qe8 22. g5 hxg5 23. Qxg5 Nd5 24. Qh4 f6 25. Ng4 Qh8 26. Qxh8+ Rxh8 27. a3 g5 28.
g3 f5 29. Ne5 Reh6 30. Kf1 Rh2 31. Ke2 R8h7 32. Rg1 Kf6 33. b4 Ke6 34. Rce1 Rh8
35. Kf1 Ra8 36. Nc4 Nf6 37. Rg2 Rh7 38. Ke2 Ng4 39. Reg1 Rah8 40. Nd2 Rh1 41.
Kf1 Kd5 42. Ke2 b6 43. a4 R8h7 44. Rxh1 Rxh1 45. f3 exf3+ 46. Kxf3 Ra1 47. e4+
Ke6 48. Nc4 Rf1+ 49. Ke2 Rb1 50. exf5+ Kxf5 51. Nd6+ Ke6 52. Kf3 Nf6 53. Nc4
Rb3+ 54. Ke2 b5 55. axb5 cxb5 56. Nd2 Rxb4 57. Kd3 Kd5 58. Rf2 Rxd4+ 59. Kc2 Ne4
60. Nxe4 Kxe4 61. Rf6 a5 0-1

[Event "22nd ch-EUR Indiv 2022"]
[Site "Terme Catez SLO"]
[Date "2022.03.30"]
[Round "4.15"]
[White "Stocek, Jiri"]
[Black "Ponomariov, Ruslan"]
[Result "1/2-1/2"]
[WhiteTitle "GM"]
[BlackTitle "GM"]
[WhiteElo "2555"]
[BlackElo "2636"]
[WhiteFideId "304760"]
[BlackFideId "14103320"]
[EventDate "2022.03.27"]

1. d4 Nf6 2. c4 c6 3. Nc3 d5 4. Nf3 dxc4 5. e4 b5 6. Be2 e6 7. O-O Bb7 8. Rb1
Nbd7 9. b3 Bb4 10. Qc2 Bxc3 11. Qxc3 c5 12. dxc5 Bxe4 13. Rb2 O-O 14. bxc4 bxc4
15. Qxc4 Bd5 16. Qd4 Rc8 17. Rc2 Be4 18. Rc4 Bd5 19. Rc2 Be4 20. Rc4 Bd5 1/2-1/2

[Event "22nd ch-EUR Indiv 2022"]
[Site "Terme Catez SLO"]
[Date "2022.03.30"]
[Round "4.16"]
[White "Kollars, Dmitrij"]
[Black "Pultinevicius, Paulius"]
[Result "1/2-1/2"]
[WhiteTitle "GM"]
[BlackTitle "GM"]
[WhiteElo "2635"]
[BlackElo "2546"]
[WhiteFideId "12909572"]
[BlackFideId "12809390"]
[EventDate "2022.03.27"]

1. e4 c6 2. d4 d5 3. Nc3 dxe4 4. Nxe4 Nf6 5. Nxf6+ exf6 6. c3 Bd6 7. Bd3 O-O 8.
Qc2 Re8+ 9. Ne2 h5 10. O-O h4 11. h3 Nd7 12. Bd2 Nf8 13. Rae1 Bd7 14. c4 Qc8 15.
Nf4 Qc7 16. Nh5 Rxe1 17. Rxe1 Re8 18. Rxe8 Bxe8 19. Bh6 Ne6 20. Qd2 Bf8 21. Be3
Qd8 22. d5 cxd5 23. cxd5 Nc5 24. Bc2 g6 25. Nf4 Bd6 26. Ne2 Qe7 27. Bd4 b6 28.
Nc3 a5 29. Kf1 b5 30. Bxc5 Bxc5 31. Ne4 f5 32. d6 Qe5 33. Nxc5 Qxc5 34. Bb3 b4
35. Kg1 a4 36. Bxf7+ Kxf7 37. d7 Bxd7 38. Qxd7+ Kf6 39. Qxa4 1/2-1/2

[Event "22nd ch-EUR Indiv 2022"]
[Site "Terme Catez SLO"]
[Date "2022.03.30"]
[Round "4.17"]
[White "Lodici, Lorenzo"]
[Black "Martirosyan, Haik M."]
[Result "1/2-1/2"]
[WhiteTitle "GM"]
[BlackTitle "GM"]
[WhiteElo "2537"]
[BlackElo "2633"]
[WhiteFideId "884189"]
[BlackFideId "13306553"]
[EventDate "2022.03.27"]

1. d4 Nf6 2. c4 e6 3. Nc3 Bb4 4. f3 c5 5. d5 d6 6. e4 b5 7. Bd2 a6 8. a4 bxc4 9.
Bxc4 Nbd7 10. dxe6 fxe6 11. Bxe6 Ne5 12. Bxc8 Qxc8 13. Bf4 c4 14. Bxe5 dxe5 15.
Nh3 Qc5 16. Nf2 Bxc3+ 17. bxc3 Qe3+ 18. Kf1 Rb8 19. Qd6 Rb2 20. Qxe5+ Kf7 21.
Qc7+ Ke8 22. Qe5+ Kf7 23. Qc7+ Ke8 1/2-1/2

[Event "22nd ch-EUR Indiv 2022"]
[Site "Terme Catez SLO"]
[Date "2022.03.30"]
[Round "4.18"]
[White "Ter-Sahakyan, Samvel"]
[Black "Muradli, Mahammad"]
[Result "1-0"]
[WhiteTitle "GM"]
[BlackTitle "IM"]
[WhiteElo "2632"]
[BlackElo "2537"]
[WhiteFideId "13302531"]
[BlackFideId "13409301"]
[EventDate "2022.03.27"]

1. e4 c5 2. Nf3 d6 3. d4 cxd4 4. Nxd4 Nf6 5. Nc3 a6 6. Be3 e5 7. Nb3 Be6 8. f3
h5 9. Nd5 Bxd5 10. exd5 Nbd7 11. Qd2 g6 12. Be2 Qc7 13. c4 a5 14. a4 b6 15. O-O
Bg7 16. Rae1 O-O 17. h3 Rab8 18. Nc1 Nc5 19. Bd1 Nfd7 20. g4 f5 21. gxh5 gxh5
22. Kh2 f4 23. Bxc5 Nxc5 24. Bc2 e4 25. Bxe4 Rbe8 26. Bb1 Re3 27. Rxe3 fxe3 28.
Qxe3 Qf7 29. f4 Re8 30. Qf3 Kf8 31. Ne2 Qf6 32. Rf2 h4 33. Rg2 Nxa4 34. Bg6 Re7
35. Qg4 Rc7 36. Nd4 Qxd4 37. Re2 Be5 38. fxe5 Qxg4 39. hxg4 Ke7 40. e6 Rxc4 41.
Rf2 Rxg4 42. Rf7+ Ke8 43. Bd3 Rb4 44. Rh7 1-0

[Event "22nd ch-EUR Indiv 2022"]
[Site "Terme Catez SLO"]
[Date "2022.03.30"]
[Round "4.19"]
[White "Kozul, Zdenko"]
[Black "Kozak, Adam"]
[Result "1-0"]
[WhiteTitle "GM"]
[BlackTitle "GM"]
[WhiteElo "2619"]
[BlackElo "2525"]
[WhiteFideId "14502879"]
[BlackFideId "753246"]
[EventDate "2022.03.27"]

1. d4 d5 2. c4 c6 3. Nf3 Nf6 4. Nc3 dxc4 5. a4 Bf5 6. e3 e6 7. Bxc4 Nbd7 8. O-O
Be7 9. Qe2 Ne4 10. Rd1 O-O 11. Bd3 Nxc3 12. bxc3 Bxd3 13. Qxd3 c5 14. e4 cxd4
15. cxd4 Qc7 16. Be3 Rfd8 17. Rdc1 Qd6 18. Rab1 b6 19. Qa6 e5 20. d5 Qg6 21. Qc4
Bc5 22. Qd3 Bxe3 23. Qxe3 Nc5 24. Rxc5 bxc5 25. Nxe5 Qd6 26. Nc6 Re8 27. Rd1 f6
28. f4 Qd7 29. e5 fxe5 30. fxe5 Qg4 31. Rf1 Rac8 32. Qxc5 Qxa4 33. Ne7+ Rxe7 34.
Qxc8+ Re8 35. Qc3 Qb5 36. d6 h6 37. Rd1 Qa4 38. Qd3 Qd7 39. Qd5+ Kh8 40. h3 a6
41. Kh1 1-0

[Event "22nd ch-EUR Indiv 2022"]
[Site "Terme Catez SLO"]
[Date "2022.03.30"]
[Round "4.20"]
[White "Kulaots, Kaido"]
[Black "Bartel, Mateusz"]
[Result "1/2-1/2"]
[WhiteTitle "GM"]
[BlackTitle "GM"]
[WhiteElo "2527"]
[BlackElo "2616"]
[WhiteFideId "4500261"]
[BlackFideId "1112635"]
[EventDate "2022.03.27"]

1. e4 c6 2. d4 d5 3. e5 c5 4. dxc5 e6 5. a3 Nc6 6. Nf3 Bxc5 7. b4 Bb6 8. b5 Na5
9. Nbd2 Ne7 10. Bd3 Bd7 11. O-O Rc8 12. a4 Ng6 13. g3 O-O 14. Bb2 Bc5 15. h4 f5
16. exf6 gxf6 17. h5 Ne7 18. Qe2 Qc7 19. Kg2 Bd6 20. Rac1 e5 21. c4 d4 22. Nh4
Bb4 23. Ne4 f5 24. Ng5 Qd6 25. f4 e4 26. Bxe4 fxe4 27. Nxe4 Qh6 1/2-1/2

[Event "22nd ch-EUR Indiv 2022"]
[Site "Terme Catez SLO"]
[Date "2022.03.30"]
[Round "4.21"]
[White "Vocaturo, Daniele"]
[Black "Budisavljevic, Luka"]
[Result "1-0"]
[WhiteTitle "GM"]
[BlackTitle "GM"]
[WhiteElo "2614"]
[BlackElo "2519"]
[WhiteFideId "813192"]
[BlackFideId "960047"]
[EventDate "2022.03.27"]

1. e4 c5 2. Nf3 e6 3. d4 cxd4 4. Nxd4 Nc6 5. Nc3 Qc7 6. Be2 Nf6 7. Ndb5 Qb8 8.
f4 a6 9. e5 axb5 10. exf6 b4 11. fxg7 Bxg7 12. Nb5 f5 13. O-O b6 14. a4 Ba6 15.
c3 Bxb5 16. Bxb5 Qb7 17. Qh5+ Ke7 18. Be3 bxc3 19. bxc3 Bxc3 20. Rad1 Rag8 21.
Rf2 Bf6 22. a5 bxa5 23. Bc5+ Kd8 24. Qf7 Kc8 25. Bxc6 Qxc6 26. Qxf6 Qxc5 27. Qb2
Kd8 28. Rc1 Qf8 29. Rd2 Qg7 30. Qb8+ Ke7 31. Rxd7+ Kxd7 32. Rc7+ Kd6 33. Qb6+
Kd5 34. Qc6+ Kd4 35. Qc3+ Ke4 36. Rc4+ Kd5 37. Qd3+ Qd4+ 38. Qxd4# 1-0

[Event "22nd ch-EUR Indiv 2022"]
[Site "Terme Catez SLO"]
[Date "2022.03.30"]
[Round "4.22"]
[White "Gadimbayli, Abdulla"]
[Black "Indjic, Aleksandar"]
[Result "1/2-1/2"]
[WhiteTitle "IM"]
[BlackTitle "GM"]
[WhiteElo "2451"]
[BlackElo "2605"]
[WhiteFideId "13404938"]
[BlackFideId "911925"]
[EventDate "2022.03.27"]

1. d4 d5 2. Nc3 Nf6 3. Bf4 e6 4. Nb5 Bb4+ 5. c3 Ba5 6. e3 a6 7. Na3 Qe7 8. Nb1
Nbd7 9. h3 c5 10. Nf3 c4 11. Nbd2 b5 12. a3 Bb7 13. g4 Ne4 14. Bg2 g5 15. Bh2
Nb6 16. Qc2 Rc8 17. h4 gxh4 18. Bf4 Rg8 19. Rxh4 f5 20. g5 Na4 21. Nxe4 dxe4 22.
Ne5 Bc7 23. O-O-O Bxe5 24. Bxe5 Rxg5 25. Rh2 Kd7 26. Rdh1 h5 27. Rxh5 Rxh5 28.
Rxh5 Rg8 29. Bg3 Rg7 30. Qd1 a5 31. Bf1 Bd5 32. Be2 Kc6 33. Be5 Rg8 34. Kb1 Nb6
35. Qe1 b4 36. cxb4 axb4 37. Qxb4 Qxb4 38. axb4 Rg1+ 39. Kc2 Re1 40. Kd2 Ra1 41.
Rh8 Ra2 42. Kc1 c3 43. b5+ Kb7 44. Rh7+ Ka8 45. Rh8+ Ka7 46. Rh7+ Ka8 47. Rh8+ 1/2-1/2

[Event "22nd ch-EUR Indiv 2022"]
[Site "Terme Catez SLO"]
[Date "2022.03.30"]
[Round "4.23"]
[White "Ivanisevic, Ivan"]
[Black "Petkov, Momchil"]
[Result "1/2-1/2"]
[WhiteTitle "GM"]
[BlackTitle "IM"]
[WhiteElo "2601"]
[BlackElo "2465"]
[WhiteFideId "912417"]
[BlackFideId "2921642"]
[EventDate "2022.03.27"]

1. c4 e5 2. Nc3 Bb4 3. Na4 Nf6 4. e3 O-O 5. a3 Be7 6. b4 d5 7. cxd5 Nxd5 8. Bb2
Bf6 9. Qc2 a5 10. b5 c6 11. Nf3 Re8 12. Rc1 cxb5 13. Bxb5 Bd7 14. Qb3 Nb6 15.
Bxd7 N8xd7 16. Nc5 Rc8 17. Ne4 Rxc1+ 18. Bxc1 Qc7 19. O-O Be7 20. d3 a4 21. Qb1
Rc8 22. Bb2 Qc2 23. g4 Qxb1 24. Rxb1 f6 25. h4 Rc6 26. Bc1 Nd5 27. d4 Rb6 28.
Ra1 exd4 29. Nxd4 Nc5 30. Nd2 Nc3 31. Nc4 Rb1 32. Rxb1 Nxb1 33. Nb5 Nd3 34. Bd2
Ne5 35. Nxe5 Nxd2 36. Nd3 Nc4 37. Nc3 Bxa3 38. Nxa4 Nd2 39. Kg2 b5 40. Nc3 b4
41. Nb5 Kf7 42. Nc5 Bb2 43. Nd3 Ba3 44. Nc5 Bb2 45. Nd3 Ba3 1/2-1/2

[Event "22nd ch-EUR Indiv 2022"]
[Site "Terme Catez SLO"]
[Date "2022.03.30"]
[Round "4.24"]
[White "Iturrizaga Bonelli, Eduardo"]
[Black "Davtyan, Artur"]
[Result "1-0"]
[WhiteTitle "GM"]
[BlackTitle "IM"]
[WhiteElo "2594"]
[BlackElo "2460"]
[WhiteFideId "3901211"]
[BlackFideId "13308327"]
[EventDate "2022.03.27"]

1. d4 d5 2. c4 e6 3. Nf3 Nf6 4. g3 Be7 5. Bg2 O-O 6. O-O dxc4 7. Qc2 a6 8. a4
Bd7 9. Ne5 Bc6 10. Nxc6 Nxc6 11. e3 e5 12. Bxc6 bxc6 13. dxe5 Nd7 14. Rd1 Qe8
15. f4 Rd8 16. Nd2 f6 17. exf6 Nxf6 18. Re1 Bb4 19. Qxc4+ Nd5 20. Re2 Qe6 21. e4
Bxd2 22. f5 Qf7 23. Bxd2 Nf6 24. Qxc6 Qh5 25. Rae1 Kh8 26. Bc3 Rd1 27. Rxd1 Qxe2
28. Re1 Qc2 29. Qxc7 Qxa4 30. Qd6 Kg8 31. e5 Ng4 32. Qd5+ Kh8 33. f6 Qc2 34.
fxg7+ Kxg7 35. Qd7+ Kh6 36. Qxg4 Qf2+ 37. Kh1 1-0

[Event "22nd ch-EUR Indiv 2022"]
[Site "Terme Catez SLO"]
[Date "2022.03.30"]
[Round "4.25"]
[White "Safarli, Eltaj"]
[Black "Petenyi, Tamas"]
[Result "1-0"]
[WhiteTitle "GM"]
[BlackTitle "IM"]
[WhiteElo "2589"]
[BlackElo "2451"]
[WhiteFideId "13402129"]
[BlackFideId "14909090"]
[EventDate "2022.03.27"]

1. e4 c5 2. Nf3 e6 3. Nc3 a6 4. d4 cxd4 5. Nxd4 d6 6. g4 Nc6 7. Be3 Nf6 8. g5
Nd7 9. h4 Nxd4 10. Qxd4 b5 11. h5 Ne5 12. O-O-O Nf3 13. Qd3 Bb7 14. Be2 Ne5 15.
Qd4 Nc6 16. Qb6 Qxb6 17. Bxb6 Be7 18. f4 Rc8 19. Rhg1 Nb8 20. a3 Nd7 21. Bd4 e5
22. Be3 Nc5 23. Bg4 Rc7 24. fxe5 dxe5 25. Nd5 Bxd5 26. Rxd5 O-O 27. Rgd1 Nxe4
28. Rxe5 f5 29. Bxf5 Nxg5 30. Bd7 Rf7 31. Kb1 Nf3 32. Re4 Kf8 33. a4 bxa4 34.
Bxa4 Rf5 35. Bd7 Rf6 36. Be6 Rc6 37. Bd5 Rc7 38. Bb3 g5 39. hxg6 hxg6 40. Rh1 g5
41. Rh7 Bd6 42. Rh8+ Kg7 43. Rg8+ Kh7 44. Bxg5 Rc5 45. Rh4+ Nxh4 46. Bxf6 Ng6
47. Bf7 Bf8 48. Rxg6 Rc7 49. Bd4 Rxf7 50. Rxa6 Rf4 51. c3 Kg8 52. Kc2 Kf7 53.
Kd3 Ke8 54. Kc4 Kd7 55. Rf6 Rxf6 56. Bxf6 1-0

[Event "22nd ch-EUR Indiv 2022"]
[Site "Terme Catez SLO"]
[Date "2022.03.30"]
[Round "4.26"]
[White "Globus, Or"]
[Black "Jobava, Baadur"]
[Result "0-1"]
[WhiteTitle "FM"]
[BlackTitle "GM"]
[WhiteElo "2414"]
[BlackElo "2588"]
[WhiteFideId "2816776"]
[BlackFideId "13601520"]
[EventDate "2022.03.27"]

1. d4 Nf6 2. c4 g6 3. g3 Bg7 4. Bg2 d5 5. cxd5 Nxd5 6. Nf3 Nc6 7. e4 Nb6 8. d5
Na5 9. O-O O-O 10. Qe1 Nac4 11. Nc3 e5 12. b3 Nd6 13. Qe2 Bg4 14. h3 Bd7 15. a4
Qe7 16. a5 Nbc8 17. Ba3 Rd8 18. Rac1 Qe8 19. Rfe1 Bf8 20. Bb2 f6 21. Nh2 Nf7 22.
Ng4 Kg7 23. Na4 h5 24. Ne3 Bb4 25. Red1 Bb5 26. Qc2 Bxa4 27. bxa4 Bxa5 28. Nc4
Bb4 29. f4 Nb6 30. fxe5 fxe5 31. Rf1 Nxc4 32. Qxc4 Bd6 33. h4 Qd7 34. Qb3 Nh6
35. Rf3 b6 36. Rcf1 Rf8 37. Bc3 Ng4 38. Bh3 Rxf3 39. Rxf3 Rf8 40. Bb2 Rxf3 41.
Qxf3 Qxa4 42. Bxg4 hxg4 43. Qxg4 Qc2 44. Qd7+ Kh6 45. Qc8 Bc5+ 46. Kh1 Qxe4+ 47.
Kh2 Qc2+ 48. Kh3 Qf5+ 49. Qxf5 gxf5 50. Bxe5 Bd6 0-1

[Event "22nd ch-EUR Indiv 2022"]
[Site "Terme Catez SLO"]
[Date "2022.03.30"]
[Round "4.27"]
[White "Anton Guijarro, David"]
[Black "Druska, Juraj"]
[Result "1-0"]
[WhiteTitle "GM"]
[BlackTitle "IM"]
[WhiteElo "2694"]
[BlackElo "2503"]
[WhiteFideId "2285525"]
[BlackFideId "14915650"]
[EventDate "2022.03.27"]

1. e4 c6 2. d4 d5 3. exd5 cxd5 4. Bd3 Nc6 5. c3 Nf6 6. Bf4 g6 7. Nf3 Bg7 8. O-O
O-O 9. Re1 Bf5 10. Bf1 h6 11. h3 g5 12. Bh2 e6 13. Nbd2 Re8 14. a4 Ne4 15. Nxe4
Bxe4 16. Bb5 Qb6 17. Nd2 Bg6 18. Nf1 a6 19. Bd3 Ne7 20. Bxg6 Nxg6 21. Qd2 Qc6
22. f4 gxf4 23. Bxf4 Nxf4 24. Qxf4 e5 25. dxe5 Qc7 26. Rad1 Rad8 27. Rd3 Rxe5
28. Rxe5 Qxe5 29. Qxe5 Bxe5 30. Ne3 d4 31. Nf5 Kh7 32. Kf2 Rc8 33. cxd4 Rc2+ 34.
Kf3 Bf6 35. b3 Kg6 36. Ne3 Rc8 37. a5 Rc1 38. Nc4 Kf5 39. d5 Be7 40. g4+ Kf6 41.
Ke4 Bd8 42. Kd4 Ke7 43. Re3+ Kd7 44. Rf3 f6 45. Rf5 Rd1+ 46. Kc3 Rc1+ 47. Kb2
Rh1 48. Rh5 f5 49. Rxf5 Rxh3 50. Rf7+ Kc8 51. Nd6+ Kb8 52. Nxb7 Rh2+ 53. Kc3 Bh4
54. d6 Be1+ 55. Kc4 Rc2+ 56. Kd5 Rc1 57. Nc5 Bxa5 58. b4 1-0

[Event "22nd ch-EUR Indiv 2022"]
[Site "Terme Catez SLO"]
[Date "2022.03.30"]
[Round "4.28"]
[White "Volokitin, Andrei"]
[Black "Wieczorek, Oskar"]
[Result "1/2-1/2"]
[WhiteTitle "GM"]
[BlackTitle "GM"]
[WhiteElo "2687"]
[BlackElo "2500"]
[WhiteFideId "14107090"]
[BlackFideId "1133950"]
[EventDate "2022.03.27"]

1. e4 e5 2. Nf3 Nc6 3. Bb5 a6 4. Ba4 Nf6 5. O-O Bc5 6. c3 O-O 7. d4 Ba7 8. Bg5
h6 9. Bh4 exd4 10. Qc1 d6 11. Bxc6 bxc6 12. cxd4 g5 13. Nxg5 hxg5 14. Qxg5+ Kh7
15. Qxf6 Qxf6 16. Bxf6 Kg6 17. Bh4 Bxd4 18. Nc3 Rb8 19. Rad1 c5 20. Rd2 1/2-1/2

[Event "22nd ch-EUR Indiv 2022"]
[Site "Terme Catez SLO"]
[Date "2022.03.30"]
[Round "4.29"]
[White "Maurizzi, Marc'Andria"]
[Black "Deac, Bogdan-Daniel"]
[Result "0-1"]
[WhiteTitle "GM"]
[BlackTitle "GM"]
[WhiteElo "2493"]
[BlackElo "2679"]
[WhiteFideId "36083534"]
[BlackFideId "1226380"]
[EventDate "2022.03.27"]

1. d4 Nf6 2. c4 e6 3. Nc3 Bb4 4. Nf3 c5 5. g3 Ne4 6. Qd3 cxd4 7. Nxd4 Nxc3 8.
bxc3 Be7 9. Bg2 O-O 10. O-O d6 11. Rd1 a6 12. Nb3 Qc7 13. Bf4 e5 14. Be3 Nd7 15.
Rab1 Rb8 16. Ba7 Ra8 17. Be3 Kh8 18. g4 a5 19. Nd2 Ra6 20. Ne4 Nc5 21. Nxc5 dxc5
22. Qe4 Rg6 23. Rd5 Bd6 24. g5 f5 25. gxf6 gxf6 26. Kh1 Rfg8 27. Rxd6 Qxd6 28.
Qd5 Qc7 29. Be4 f5 30. Bc2 Qg7 31. f3 Rg2 32. f4 Rxh2+ 33. Kxh2 Qg3+ 34. Kh1
Qh3# 0-1

[Event "22nd ch-EUR Indiv 2022"]
[Site "Terme Catez SLO"]
[Date "2022.03.30"]
[Round "4.30"]
[White "Grandelius, Nils"]
[Black "Firat, Burak"]
[Result "1/2-1/2"]
[WhiteTitle "GM"]
[BlackTitle "GM"]
[WhiteElo "2663"]
[BlackElo "2487"]
[WhiteFideId "1710400"]
[BlackFideId "6305881"]
[EventDate "2022.03.27"]

1. e4 e5 2. Nf3 Nc6 3. Bc4 Nf6 4. d3 Bc5 5. O-O d6 6. c3 a5 7. Re1 h6 8. Nbd2
O-O 9. Nf1 a4 10. Ng3 Bb6 11. h3 Ra5 12. Bd2 Be6 13. Bxe6 fxe6 14. d4 Qe8 15.
Rc1 Nh5 16. Nxh5 Qxh5 17. c4 exd4 18. Bxa5 Qxa5 19. e5 d3 20. Qxd3 Nxe5 21. Rxe5
dxe5 22. Rc2 Bd4 23. Re2 Qb6 24. Qc2 Qb4 1/2-1/2